000
00310nam a22001457a 4500
008
221014b ||||| |||| 00| 0 eng d
020
_a
9780070529557
041
_a
eng
080
_a
004
082
_a
004 RISH
100
_a
18.2
101
_a
SHK
245
_a
ADATBASE DESING
_c
RISHE N
942
_2
udc
_c
BK
999
_c
58574
_d
58574